| 000 | 00616nam a2200217Ia 4500 | ||
|---|---|---|---|
| 005 | 20250326144332.0 | ||
| 008 | 250326s9999 xx 000 0 und d | ||
| 020 | _a978-0-754-64842-0 | ||
| 037 | _aTextbook | ||
| 040 |
_aFMSL _beng _cFMSL |
||
| 041 |
_aeng _2eng |
||
| 084 |
_aX:8(SNI:431) P6 _qFMSL |
||
| 100 | _aBrown M L | ||
| 245 | 0 |
_aOraganizational Learning in the Global Context _cBrown M L |
|
| 260 |
_aEngland _bEngland, Ashgate _c2008 |
||
| 300 | _axii,289 | ||
| 365 | _b4057.3499999999999 | ||
| 650 | _aOrganization | ||
| 942 |
_cTB _hX:8(SNI:431) P6 |
||
| 999 |
_c1303353 _d1303353 |
||